Worship / (Record no. 5320)

MARC details
000 -LEADER
fixed length control field 00433nam a22001697a 4500
003 - CONTROL NUMBER IDENTIFIER
control field GBCCL
005 - DATE AND TIME OF LATEST TRANSACTION
control field 20241126110538.0
008 - FIXED-LENGTH DATA ELEMENTS--GENERAL INFORMATION
fixed length control field 180313b ||||| |||| 00| 0 eng d
040 ## - CATALOGING SOURCE
Transcribing agency gbc
082 ## - DEWEY DECIMAL CLASSIFICATION NUMBER
Classification number 248.3
Item number JER
100 ## - MAIN ENTRY--PERSONAL NAME
Personal name Jeremiah, David
9 (RLIN) 7829
245 ## - TITLE STATEMENT
Title Worship /
Statement of responsibility, etc. David Jeremiah
260 ## - PUBLICATION, DISTRIBUTION, ETC.
Name of publisher, distributor, etc. Walk Thru the Bible Ministries,
Place of publication, distribution, etc. Atlanta:
Date of publication, distribution, etc. 1995
300 ## - PHYSICAL DESCRIPTION
Extent 126 p.;
Dimensions 21 cm.
650 ## - SUBJECT ADDED ENTRY--TOPICAL TERM
Topical term or geographic name entry element Worship
9 (RLIN) 444
942 ## - ADDED ENTRY ELEMENTS (KOHA)
Source of classification or shelving scheme Dewey Decimal Classification
Koha item type Books
Koha issues (borrowed), all copies 12
Holdings
Withdrawn status Lost status Source of classification or shelving scheme Damaged status Not for loan Home library Current Library Shelving location Date acquired Total checkouts Total renewals Full call number Barcode Date last seen Date last checked out Copy number Price effective from Koha item type
    Dewey Decimal Classification     GRACE BIBLE COLLEGE GRACE BIBLE COLLEGE Ministry & Mission 2018-03-13 12 2 248.3 JER 008057 2025-05-01 2023-11-22 c.1 2018-03-13 Books
© Grace Bible College Library 2025